Specialists urged to join forces for cheaper insurance (Record no. 71344)

MARC details
000 -LEADER
fixed length control field 00689cam a2200181 4500
001 - CONTROL NUMBER
control field WB3837-13
008 - FIXED-LENGTH DATA ELEMENTS--GENERAL INFORMATION
fixed length control field 021010n2002 000 0 eng u
035 ## - SYSTEM CONTROL NUMBER
System control number (Sirsi) u120070
245 ## - TITLE STATEMENT
Title Specialists urged to join forces for cheaper insurance
260 ## - PUBLICATION, DISTRIBUTION, ETC.
Date of publication, distribution, etc. 2002
490 ## - SERIES STATEMENT
Series statement Contract Journal
Volume/sequential designation 415(6398) 9 October 2002, 4(1)
520 ## - SUMMARY, ETC.
Summary, etc. Insurance adviser to Confederation of Construction Specialists (CCS) suggests they band together to combat insurance market crisis by negotiating a comprehensive group insurance policy. CCS details available from +44 (0)1252 312122
590 ## - LOCAL NOTE (RLIN)
Local note WB
650 ## - SUBJECT ADDED ENTRY--TOPICAL TERM
Topical term or geographic name entry element PREMIUMS
650 ## - SUBJECT ADDED ENTRY--TOPICAL TERM
Topical term or geographic name entry element SPECIALISTS
690 ## - LOCAL SUBJECT ADDED ENTRY--TOPICAL TERM (OCLC, RLIN)
Topical term or geographic name as entry element Insurance
9 (RLIN) 6249
942 ## - ADDED ENTRY ELEMENTS (KOHA)
Suppress in OPAC 0
Holdings
Withdrawn status Lost status Source of classification or shelving scheme Damaged status Not for loan Home library Current library Shelving location Date acquired Total Checkouts Full call number Barcode Date last seen Copy number Price effective from Koha item type
    Dewey Decimal Classification     London London News article 10/10/2002   WB3837-13 120070-1001 06/08/2019 1 06/08/2019 News article